Statistics for Popular Movies of the 2010s

Click here to take the quiz!

General Stats

  • This quiz has been taken 90 times
  • The average score is 11 of 28

Answer Stats

CharacterMovie% Correct
Peter ParkerSpiderman: Homecoming
100%
ElsaFrozen
89%
ThanosAvengers: Infinity War
85%
Katniss EverdeenThe Hunger Games
82%
SadnessInside Out
76%
BaymaxBig Hero 6
70%
King T'ChallaBlack Panther
66%
Wade WilsonDeadpool
59%
Scott PilgrimScott Pilgrim vs. The World
56%
Fat AmyPitch Perfect
55%
Lotso Huggin BearToy Story 3
54%
Jordan BelfortThe Wolf of Wall Street
50%
Greg HeffleyDiary of a Wimpy Kid
48%
President BusinessThe Lego Movie
30%
Hazel Grace LancasterThe Fault in Our Stars
28%
Tris PriorDivergent
26%
Amy DunneGone Girl
24%
Owen GradyJurassic World
20%
Mark WatneyThe Martian
20%
Nina SayerBlack Swan
12%
David SkylarkThe Interview
11%
Elio PerlmanCall Me by Your Name
10%
Olive PenderghastEasy A
9%
Chris WashingtonGet Out
7%
Katherine Goble-JohnsonHidden Figures
6%
Gerry LaneWorld War Z
6%
Lee AbbottA Quiet Place
5%
Nicole BarberMarriage Story
4%

Score Distribution

Percentile by Number Answered

Percent of People with Each Score

Your Score History

You have not taken this quiz